MARC-Details
| 000 -Satzkennung |
| Kontrollfeld mit fester Länge |
02110nad a22003973ic4500 |
| 001 - Kontrollnummer |
| Kontrollfeld |
EBC7081108 |
| 003 - Kontrollnummer Identifier |
| Kontrollfeld |
MiAaPQ |
| 005 - Datum und Zeit der letzten Transaktion |
| Kontrollfeld |
20221026165159.0 |
| 007 - Feld mit fester Länge zur physischen Beschreibung - Allgemeine Information |
| Kontrollfeld mit fester Länge |
cr cnu|||||||| |
| 008 - Feld mit fester Länge zur physischen Beschreibung - Allgemeine Angaben |
| Kontrollfeld mit fester Länge |
221021s2022 xx o ||||0 eng d |
| 020 ## - Internationale Standardbuchnummer |
| Internationale Standardbuchnummer |
9781350226722 |
| Nähere Angaben |
(electronic bk.) |
| 020 ## - Internationale Standardbuchnummer |
| Gelöschte/ungültige ISBN |
9781474298803 |
| 040 ## - Katalogisierungsquelle |
| Original-Katalogisierungsstelle |
MiAaPQ |
| Katalogisierungssprache |
eng |
| Übertragungsstelle |
MiAaPQ |
| 245 12 - Titel |
| Titel |
A Cultural History of Objects |
| Zählung des Teils/der Abteilung eines Werkes |
Volume 6 |
| Titel eines Teils/einer Abteilung eines Werkes |
In the Modern Age |
| Verfasserangabe etc. |
edited by Laurie A. Wilkie and John M. Chenoweth |
| 264 #1 - Produktion, Veröffentlichung, Distribution, Herstellung und Urheberrechtsvermerk |
| Herstellungs-, Veröffentlichungs- Vertriebs-, Erzeugungsort |
London : |
| Produzent, Herausgeber, Distributor, Hersteller |
Bloomsbury Publishing Plc, |
| Datum der Herstellung, der Veröffentlichung, des Vertriebs oder des Urheberschutzvermerks |
2022. |
| 264 #4 - Produktion, Veröffentlichung, Distribution, Herstellung und Urheberrechtsvermerk |
| Datum der Herstellung, der Veröffentlichung, des Vertriebs oder des Urheberschutzvermerks |
©2022. |
| 300 ## - Physische Beschreibung |
| Umfang |
1 online resource (281 pages) |
| 336 ## - Inhaltstyp |
| Inhaltstypterm |
Text |
| Inhaltstypcode |
txt |
| Quelle |
rdacontent |
| 337 ## - Medientyp |
| Bezeichnung des Medientyps |
Computermedien |
| Medientypcode |
c |
| Quelle |
rdamedia |
| 338 ## - Datenträgertyp |
| Datenträgertypbezeichnung |
Online Resource |
| Datenträgertypcode |
cr |
| Quelle |
rdacarrier |
| 490 1# - Gesamttitelangabe |
| Gesamttitelangabe |
The cultural histories series |
| 500 ## - Allgemeine Fußnote |
| Allgemeine Fußnote |
E-Book-ProQuest / Fernzugriff nach Registrierung möglich |
| 505 0# - Fußnote zu strukturierten Inhaltsangaben |
| Fußnote zu strukturierten Inhaltsangaben |
Cover -- Contents -- List of Illustrations -- Series Preface -- Introduction Laurie A. Wilkie and John M. Chenoweth -- 1 Objecthood Christopher Witmore -- 2 Technology Steven A. Walton and Timothy J. Scarlett -- 3 Economic Objects Paul Graves-Brown -- 4 Everyday Objects Stacey L. Camp -- 5 Art Susanne Küchler and Timothy Carroll -- 6 Architecture Paul R. Mullins -- 7 Bodily Objects Laurie A. Wilkie, Katrina C. L. Eichner, Kelly Fong, David G. Hyde, Alyssa Scott, and Annelise Morris -- 8 Object Worlds Alfredo González-Ruibal -- Notes -- Bibliography -- Notes on Contributors -- Index. |
| 650 #4 - Nebeneintragung unter einem Schlagwort - Sachschlagwort |
| Sachschlagwort oder geografischer Name als Eintragungselement |
Kunsthandwerk |
| Koha-Normdatenidentnummer |
15718 |
| 650 #4 - Nebeneintragung unter einem Schlagwort - Sachschlagwort |
| Sachschlagwort oder geografischer Name als Eintragungselement |
Alltagsgegenstand |
| Koha-Normdatenidentnummer |
15719 |
| 650 #4 - Nebeneintragung unter einem Schlagwort - Sachschlagwort |
| Sachschlagwort oder geografischer Name als Eintragungselement |
Sachkultur |
| 655 #4 - Indexierungsterm - Genre/Form |
| Genre/Form oder fokussierter Term |
|
| 655 ## - Indexierungsterm - Genre/Form |
| Genre/Form oder fokussierter Term |
Fernzugriff |
| Koha-Normdatenidentnummer |
230 |
| 700 1# - Nebeneintragung - Personenname |
| Personenname |
Wilkie, Laurie. |
| Funktionsbezeichnungscode |
edt |
| Funktionsbezeichnung |
editor |
| Koha-Normdatenidentnummer |
15634 |
| 700 1# - Nebeneintragung - Personenname |
| Personenname |
Chenoweth, John. |
| Funktionsbezeichnungscode |
edt |
| Funktionsbezeichnung |
editor |
| Koha-Normdatenidentnummer |
15635 |
| 773 08 - Übergeordnete Einheit |
| Zählung und erste Seite |
Volume6 |
| Datensatzkontrollnummer |
1675693072 |
| 776 08 - Andere physische Form |
| Verweisungsphrase |
Print version: |
| Haupteintragung |
Wilkie, Laurie |
| Titel |
A Cultural History of Objects in the Modern Age |
| Ort, Verlag und Erscheinungsjahr |
London : Bloomsbury Publishing Plc,c2022 |
| Internationale Standardbuchnummer |
9781474298803 |
| 830 #4 - Nebeneintragung unter dem Gesamttitel - Einheitstitel |
| Einheitstitel |
The cultural histories series |
| Koha-Normdatenidentnummer |
6986 |
| 856 40 - Elektronische Adresse und Zugriff |
| URL |
<a href="https://ebookcentral.proquest.com/lib/maxweberstiftung-ebooks/detail.action?docID=7081108">https://ebookcentral.proquest.com/lib/maxweberstiftung-ebooks/detail.action?docID=7081108</a> |
| OPAC-Notiz |
Volltext |
| 942 ## - Zusätzliche Felder (Koha) |
| Koha-Medientyp |
E-Books |
| Klassifikation oder Aufstellungssystematik |
Andere/Generische Klassifikation |